High-Tc superconductors ed by Harald W Weber (Record no. 1211523)

MARC details
000 -LEADER
fixed length control field 01167nam a2200325Ia 4500
003 - CONTROL NUMBER IDENTIFIER
control field OSt
005 - DATE AND TIME OF LATEST TRANSACTION
control field 20221007123215.0
008 - FIXED-LENGTH DATA ELEMENTS--GENERAL INFORMATION
fixed length control field 221006b |||||||| |||| 00| 0 eng d
020 ## - INTERNATIONAL STANDARD BOOK NUMBER
International Standard Book Number 0306430916
037 ## - SOURCE OF ACQUISITION
Terms of availability Textual
040 ## - CATALOGING SOURCE
Original cataloging agency PAPL
Transcribing agency PAPL
Language of cataloging eng
041 ## - LANGUAGE CODE
Source of code eng
Language code of text/sound track or separate title eng
100 ## - MAIN ENTRY--PERSONAL NAME
Personal name Weber Harald W Ed
9 (RLIN) 716821
111 ## - MAIN ENTRY--MEETING NAME
Meeting name or jurisdiction name as entry element International Discussion Meeting on High-Tc Superconductors^eAustria^gSalzburg^iFebruary 7-12,1988
9 (RLIN) 716822
245 #0 - TITLE STATEMENT
Title High-Tc superconductors ed by Harald W Weber
260 ## - PUBLICATION, DISTRIBUTION, ETC.
Place of publication, distribution, etc. New
Name of publisher, distributor, etc. York Plenum
Date of publication, distribution, etc. 1988
300 ## - PHYSICAL DESCRIPTION
Extent 363p
Dimensions cm.
490 ## - SERIES STATEMENT
Volume/sequential designation Proceedingsof an International Discussion Meeting on High-Tc Superconductors, held February 7-11, 1988, at the Castle of Mauterndorf in Salzburg, Austria
650 ## - SUBJECT ADDED ENTRY--TOPICAL TERM
Topical term or geographic name entry element High Temperature
9 (RLIN) 716823
650 ## - SUBJECT ADDED ENTRY--TOPICAL TERM
Topical term or geographic name entry element International ConferenceHigh Temperature
9 (RLIN) 716824
650 ## - SUBJECT ADDED ENTRY--TOPICAL TERM
Topical term or geographic name entry element Superconductors
9 (RLIN) 716825
650 ## - SUBJECT ADDED ENTRY--TOPICAL TERM
Topical term or geographic name entry element Superconductors
9 (RLIN) 716825
650 ## - SUBJECT ADDED ENTRY--TOPICAL TERM
Topical term or geographic name entry element Physics
942 ## - ADDED ENTRY ELEMENTS (KOHA)
Classification part C9D8,23p1,N88, M88
Koha item type Textual
Source of classification or shelving scheme Colon Classification (CC)
Holdings
Withdrawn status Lost status Source of classification or shelving scheme Damaged status Not for loan Home library Current library Date acquired Serial Enumeration / chronology Total Checkouts Full call number Barcode Date last seen Price effective from Koha item type
    Colon Classification (CC)     Department of Physics and Astrophysics Library Department of Physics and Astrophysics Library 2022-10-07 Proceedingsof an International Discussion Meeting on High-Tc Superconductors, held February 7-11, 1988, at the Castle of Mauterndorf in Salzburg, Austria   C9D8,23p1,N88 M88 PA0005045 2022-10-07 2022-10-07 Textual
Copyright @ Delhi University Library System